000 00494nam a2200181Ia 4500
005 20250326141702.0
008 250326s9999 xx 000 0 und d
037 _aTextbook
040 _aFMSL
_beng
_cFMSL
041 _aeng
_2eng
084 _aX:74.1 M3
_qFMSL
100 _aKim S H
_9742316
245 0 _aInternational business fice
_cKim S H
260 _aVirginia
_bVirginia, Robert F. Dame
_c1983
300 _a405p
942 _cTB
_hX:74.1 M3
999 _c1291487
_d1291487